| 000 | 00810nam a22002177a 4500 | ||
|---|---|---|---|
| 999 |
_c8982 _d8982 |
||
| 003 | AR-CdUCM | ||
| 008 | 190327b ||||| |||| 00| 0 spa d | ||
| 020 | _a9781456589400 | ||
| 040 |
_aMUNICIPALIDAD PROVINCIAL DEL CUSCO _cBIBLIOTECA MUNICIPAL DEL CUSCO |
||
| 082 |
_a869.57 / _bP78 |
||
| 100 |
_aPortilla Salas, Pedro Hernán _95960 |
||
| 245 | _aCrónica de míster Satán / | ||
| 260 |
_aCusco : _c2011. |
||
| 300 |
_a175 páginas ; _c20 cm. |
||
| 505 | _aContenido: Historia sagrada -- Ser o no ser -- Familia de Dios -- La vida terrena de Jesús, María y José -- La concepción -- Nacimiento -- Infancia y juventud ... | ||
| 650 |
_a Novela de corte histórico _924899 |
||
| 650 |
_aOrígenes de la Iglesia católica _924900 |
||
| 650 |
_aLiteratura _983 |
||
| 942 |
_2ddc _cLIBROS |
||
| 945 | _aachl | ||